000 02743cam a22007094i 4500
003 PE-LiUPU
005 20250731170458.0
008 150706s2011 ag a rb 000 0 spa d
020 _a9875678187X
020 _a9789875678187
035 _a(Sirsi) i9789875678187
040 _aPE-LiUPU
_bspa
_cPE-LiUPU
_dPE-LiUPU
_erda
049 _aPRUA
082 0 4 _a152.4
_bO711
_221
100 1 _aOros, Laura,
_eautor.
245 1 0 _aCómo inspirar emociones positivas en los niños :
_buna guía para la escuela y la familia /
_cLaura Oros y María Cristina Richaud de Minzi.
250 _a1a edición.
264 1 _aBuenos Aires :
_bAsociación Casa Editoria Sudamerica,
_c2011.
300 _a95 páginas :
_bilustraciones ;
_c28 centímetros
336 _atext
_2rdacontent
337 _aunmediated
_2rdamedia
338 _avolume
_2rdacarrier
504 _aIncluye bibliografía.
505 0 _aFundamentos conceptuales -- Integración Escuela-Familia: un desafío impostergable -- Objetivos, razones y esbozo metodológico -- Descripción de las actividades: Serenidad, Alegría y buen humor, Simpatía, Gratitud -- Satisfacción personal.
526 _aSEG68
526 _aSEG70
526 _aSEG69
526 _aSEG67
526 _aSEG43
526 _aP144
526 _aP143
526 _aP131
526 _aP122
526 _aP120
526 _aP117
526 _aP112
526 _aP110
526 _aP106
526 _aP101
526 _aP80
526 _aP59
526 _aP54
526 _aP35
526 _aP33
526 _aP30
650 0 4 _aNiños
_xPsicología.
_91899
650 0 4 _aEmociones.
650 0 4 _aPadres e hijos (Psicología).
650 0 4 _aEnseñanza primaria.
700 1 _aRichaud de Minzi, María Cristina,
_eautor.
700 1 _aSoriano de Castro, Edith,
_edirector.
910 _agl
_clch
_d20131106
942 _2ddc
_cBOOK
949 _a152.4 O71 1
_wDEWEY
_c1
_i68426
_lCCODEBUL1
_mBUL
_p15.00
_r0
_sY
_tBOOK
_u2015-7-6
_xBIBLIOTECA
_zUNKNOWN
_o.STAFF. Colección General
949 _a152.4 O71 1
_wDEWEY
_c2
_i68427
_lCCODEBUL1
_mBUL
_p15.00
_r0
_sY
_tBOOK
_u2015-7-6
_xBIBLIOTECA
_zUNKNOWN
_o.STAFF. Colección General
994 _aC0
_bPEPRU
596 _a1
999 _a152.4 O71 1
_wDEWEY
_c55815
_i68426
_d55815
_e2019-9-2
_f2021-11-3
_g5
_lCCODEBUL1
_mBUL
_n6
_p15.00
_q2
_r0
_sY
_tBOOK
_u2015-7-6
_xSALUD
_zUNKNOWN
_0COMPRA
_o.STAFF. Colección Ciencias de la Salud
999 _a152.4 O71 1
_wDEWEY
_c2
_i68427
_d2019-5-15
_e2018-12-27
_f2021-11-3
_g5
_lCCODEBUL1
_mBUL
_n4
_p15.00
_q5
_r0
_sY
_tBOOK
_u2015-7-6
_xSALUD
_zUNKNOWN
_0COMPRA
_o.STAFF. Colección Ciencias de la Salud
980 _81
_gALBERTO SANCHEZ Responsable de Automatización